[Event "Belgrade-chT Quality"]
[Site "Belgrade"]
[Date "2008.11.09"]
[Round "8"]
[White "Aksentijevic, Malisa"]
[Black "Kostic, Milutin B"]
[Result "1/2-1/2"]
[WhiteElo "2226"]
[BlackElo "2304"]
[PlyCount "30"]
[EventDate "2008.11.01"]
[EventType "team-swiss"]
[EventRounds "11"]
[EventCountry "YUG"]
[SourceTitle "CBM 127 Extra"]
[Source "ChessBase"]
[SourceDate "2009.01.08"]
[SourceVersion "2"]
[SourceVersionDate "2009.01.28"]
[SourceQuality "1"]

1. e4 c6 2. d4 d5 3. Nc3 g6 4. Nf3 Bg7 5. h3 dxe4 6. Nxe4 Nd7 7. Bc4 Ngf6 8. Nxf6+ Nxf6 9. 0-0 0-0 10. c3 Bf5 11. Re1 Qd6 12. Ne5 Nd7 13. Bf4 Nxe5 14. Bxe5 Bxe5 15. Rxe5 Rae8 1/2-1/2

[Event "Belgrade-chT Quality"]
[Site "Belgrade"]
[Date "2008.11.04"]
[Round "4"]
[White "Markovic, Vladimir"]
[Black "Aksentijevic, Malisa"]
[Result "1-0"]
[WhiteElo "2241"]
[BlackElo "2226"]
[PlyCount "71"]
[EventDate "2008.11.01"]
[EventType "team-swiss"]
[EventRounds "11"]
[EventCountry "YUG"]
[SourceTitle "CBM 127 Extra"]
[Source "ChessBase"]
[SourceDate "2009.01.08"]
[SourceVersion "2"]
[SourceVersionDate "2009.01.28"]
[SourceQuality "1"]

1. e4 c5 2. c3 d5 3. exd5 Qxd5 4. d4 Nf6 5. Nf3 Bg4 6. Qa4+ Bd7 7. Qb3 Qxb3 8. axb3 cxd4 9. Nxd4 Nc6 10. Be3 Nd5 11. Nxc6 Nxe3 12. Rxa7 Rxa7 13. Nxa7 Nxf1 14. Rxf1 e5 15. b4 Bd6 16. Na3 0-0 17. N7b5 Be7 18. Ke2 Bc6 19. f3 Rd8 20. Na7 Ba4 21. Re1 Bg5 22. Kf2 f6 23. N7b5 Rd2+ 24. Re2 Rxe2+ 25. Kxe2 Bc1 26. Nd6 Bxb2 27. Ndb5 Kf8 28. Kd2 Ke7 29. c4 Bxb5 30. Nxb5 Kd7 31. Kc2 Ba1 32. Kb1 Bd4 33. Nxd4 exd4 34. Kc2 Ke6 35. Kd3 Ke5 36. f4+ 1-0

[Event "Belgrade Ada op"]
[Site "Belgrade"]
[Date "2005.08.18"]
[Round "4"]
[White "Milutinovic, Dejan D"]
[Black "Aksentijevic, Malisa"]
[Result "1/2-1/2"]
[WhiteElo "2104"]
[BlackElo "2226"]
[PlyCount "20"]
[EventDate "2005.08.15"]
[EventType "swiss"]
[EventRounds "9"]
[EventCountry "YUG"]
[SourceTitle "CBM 107 Extra"]
[Source "ChessBase"]
[SourceDate "2005.09.01"]
[SourceVersion "1"]
[SourceVersionDate "2005.09.01"]
[SourceQuality "1"]

1. d4 d5 2. Bf4 Nf6 3. e3 e6 4. Nf3 Bd6 5. Bg5 Nbd7 6. Nbd2 0-0 7. e4 dxe4 8. Nxe4 Be7 9. Nxf6+ Bxf6 10. Bxf6 Qxf6 1/2-1/2

[Event "Belgrade Jezero op 10th"]
[Site "Belgrade"]
[Date "2004.08.20"]
[Round "4"]
[White "Sredojevic, Ivan"]
[Black "Aksentijevic, Malisa"]
[Result "1/2-1/2"]
[WhiteElo "2331"]
[BlackElo "2219"]
[PlyCount "59"]
[EventDate "2004.08.17"]
[EventType "swiss"]
[EventRounds "9"]
[EventCountry "YUG"]
[SourceTitle "EXT 2005"]
[Source "ChessBase"]
[SourceDate "2004.11.15"]
[SourceVersion "1"]
[SourceVersionDate "2004.11.15"]
[SourceQuality "1"]

1. e4 c5 2. Nf3 d6 3. d4 cxd4 4. Nxd4 Nf6 5. Nc3 a6 6. Bc4 e6 7. Bb3 Nbd7 8. 0-0 Nc5 9. Qe2 Be7 10. a3 Nxb3 11. Nxb3 0-0 12. Rd1 Qc7 13. Bf4 e5 14. Bg5 Bg4 15. f3 Be6 16. Bxf6 Bxf6 17. Nd5 Bxd5 18. Rxd5 Rac8 19. Rad1 Rfd8 20. Qd3 Qxc2 21. Qxc2 Rxc2 22. R1d2 Rxd2 23. Nxd2 b5 24. a4 Bg5 25. axb5 Bxd2 26. Rxd2 axb5 27. Rd5 b4 28. Rb5 g6 29. Rxb4 Rc8 30. Rb6 1/2-1/2

[Event "Belgrade Jezero op 10th"]
[Site "Belgrade"]
[Date "2004.08.19"]
[Round "3"]
[White "Aksentijevic, Malisa"]
[Black "Andrijevic, Milan"]
[Result "1/2-1/2"]
[WhiteElo "2219"]
[BlackElo "2383"]
[PlyCount "41"]
[EventDate "2004.08.17"]
[EventType "swiss"]
[EventRounds "9"]
[EventCountry "YUG"]
[SourceTitle "EXT 2005"]
[Source "ChessBase"]
[SourceDate "2004.11.15"]
[SourceVersion "1"]
[SourceVersionDate "2004.11.15"]
[SourceQuality "1"]

1. e4 c5 2. Nf3 Nc6 3. d4 cxd4 4. Nxd4 e6 5. Nc3 Qc7 6. Be2 a6 7. 0-0 Nf6 8. Kh1 b5 9. Nxc6 dxc6 10. f4 Be7 11. e5 Nd5 12. Nxd5 cxd5 13. Be3 g6 14. c3 Bd7 15. Bd4 h5 16. g3 Bc5 17. Qd2 Qb6 18. a3 Rc8 19. Rfd1 Bxd4 20. Qxd4 Qxd4 21. Rxd4 1/2-1/2

[Event "EU-ch U18"]
[Site "Budva"]
[Date "2003.09.20"]
[Round "7"]
[White "Aksentijevic, Malisa"]
[Black "Gallissot, Alexandre"]
[Result "1-0"]
[WhiteElo "2177"]
[BlackElo "2090"]
[PlyCount "65"]
[EventDate "2003.09.13"]
[EventType "swiss"]
[EventRounds "9"]
[EventCountry "YUG"]
[SourceTitle "CBM 096 Extra"]
[Source "ChessBase"]
[SourceDate "2003.10.22"]
[SourceVersion "2"]
[SourceVersionDate "2003.10.20"]
[SourceQuality "1"]

1. e4 e6 2. d4 d5 3. Nd2 Be7 4. Bd3 c5 5. dxc5 Nf6 6. Qe2 Nc6 7. Ngf3 Bxc5 8. 0-0 Bd7 9. c3 dxe4 10. Nxe4 Nxe4 11. Bxe4 a5 12. Bf4 Qb6 13. Rad1 f6 14. Bxh7 0-0-0 15. Be4 e5 16. Be3 Ne7 17. Qc4 Bb5 18. Rxd8+ Rxd8 19. Qxc5+ Qxc5 20. Bxc5 Bxf1 21. Kxf1 Nd5 22. Bxd5 Rxd5 23. Bf8 Rd7 24. Ke2 g5 25. Nd2 Rf7 26. Bc5 Kc7 27. Nc4 g4 28. Bb6+ Kc6 29. Bxa5 Rh7 30. Ne3 Rxh2 31. g3 Rh1 32. Bb4 Ra1 33. Nxg4 1-0

[Event "EU-ch U18"]
[Site "Budva"]
[Date "2003.09.14"]
[Round "2"]
[White "Aksentijevic, Malisa"]
[Black "Miljkovic, Miroslav M"]
[Result "1/2-1/2"]
[WhiteElo "2177"]
[BlackElo "2414"]
[PlyCount "51"]
[EventDate "2003.09.13"]
[EventType "swiss"]
[EventRounds "9"]
[EventCountry "YUG"]
[SourceTitle "CBM 096 Extra"]
[Source "ChessBase"]
[SourceDate "2003.10.22"]
[SourceVersion "2"]
[SourceVersionDate "2003.10.20"]
[SourceQuality "1"]

1. e4 c5 2. Nf3 Nc6 3. d4 cxd4 4. Nxd4 Nf6 5. Nc3 e5 6. Ndb5 d6 7. Bg5 a6 8. Na3 b5 9. Nd5 Be7 10. Bxf6 Bxf6 11. c3 0-0 12. Nc2 Bg5 13. a4 bxa4 14. Rxa4 a5 15. Bc4 Rb8 16. b3 Kh8 17. 0-0 f5 18. exf5 Bxf5 19. Nce3 Bg6 20. Be2 Bf7 21. Nc4 e4 22. b4 axb4 23. Ra6 Rc8 24. Ncb6 Rb8 25. Nc4 Rc8 26. Ncb6 1/2-1/2

[Event "Belgrade Jezero op 09th"]
[Site "Belgrade"]
[Date "2003.08.22"]
[Round "9"]
[White "Petrovic, Petar"]
[Black "Aksentijevic, Malisa"]
[Result "0-1"]
[WhiteElo "2113"]
[BlackElo "2177"]
[PlyCount "86"]
[EventDate "2003.08.14"]
[EventType "swiss"]
[EventRounds "9"]
[EventCountry "YUG"]
[SourceTitle "EXT 2004"]
[Source "ChessBase"]
[SourceDate "2003.11.25"]
[SourceVersion "1"]
[SourceVersionDate "2003.11.25"]
[SourceQuality "1"]

1. Nf3 d5 2. e3 Nf6 3. b3 e6 4. Bb2 Be7 5. c4 0-0 6. Be2 c5 7. d4 Nc6 8. 0-0 cxd4 9. exd4 b6 10. Nc3 Bb7 11. cxd5 Nxd5 12. Nxd5 Qxd5 13. Bc4 Qd6 14. Qe2 Rfd8 15. Rad1 Nb4 16. Ba3 Qf4 17. Ne5 Qe4 18. Qxe4 Bxe4 19. Rfe1 Bb7 20. f4 g6 21. Re2 Bf8 22. Red2 Rac8 23. Kf1 a6 24. Be2 Nd5 25. Bxf8 Kxf8 26. Kf2 Nc3 27. Bf3 Bxf3 28. Kxf3 Nxd1 29. Rxd1 Rc3+ 30. Ke2 Rc2+ 31. Kf3 b5 32. h4 h5 33. g3 Rdc8 34. d5 exd5 35. Rxd5 R8c3+ 36. Nd3 Rxa2 37. f5 Rd2 38. Ke3 Rdxd3+ 39. Rxd3 Rxd3+ 40. Kxd3 a5 41. fxg6 fxg6 42. Kd4 Ke7 43. Kc5 a4 0-1

[Event "Belgrade Jezero op 09th"]
[Site "Belgrade"]
[Date "2003.08.16"]
[Round "3"]
[White "Cobic, Vladimir"]
[Black "Aksentijevic, Malisa"]
[Result "1-0"]
[WhiteElo "2378"]
[BlackElo "2177"]
[PlyCount "107"]
[EventDate "2003.08.14"]
[EventType "swiss"]
[EventRounds "9"]
[EventCountry "YUG"]
[SourceTitle "EXT 2004"]
[Source "ChessBase"]
[SourceDate "2003.11.25"]
[SourceVersion "1"]
[SourceVersionDate "2003.11.25"]
[SourceQuality "1"]

1. e4 c5 2. Nf3 d6 3. d4 cxd4 4. Qxd4 a6 5. Be3 Nf6 6. Nc3 Ng4 7. Nd5 e6 8. Nb6 Nc6 9. Qd2 Nxe3 10. Qxe3 Rb8 11. Bc4 Qc7 12. 0-0 Be7 13. Rad1 Bd8 14. Nxc8 Rxc8 15. c3 0-0 16. Be2 Bf6 17. g4 Rfd8 18. g5 Be7 19. h4 Ne5 20. Kg2 Nxf3 21. Bxf3 Qc5 22. Qd2 Qc4 23. a3 b5 24. Rh1 a5 25. Rh3 b4 26. cxb4 axb4 27. Qe3 bxa3 28. bxa3 Rc5 29. Rb1 Qa6 30. Be2 Qc6 31. Qf4 Rc2 32. Rf3 Rf8 33. Bb5 Qc7 34. Ba6 Qa5 35. Bd3 Rc7 36. Rb5 Qe1 37. Rb1 Qa5 38. Rb5 Qe1 39. Rb1 Qa5 40. Qg4 Rc3 41. Rb7 Rc7 42. Rxc7 Qxc7 43. h5 Qc5 44. Rg3 Kh8 45. a4 Bd8 46. Bb5 Bb6 47. Rf3 Qe5 48. Bd7 h6 49. Bxe6 Qxg5 50. Qxg5 hxg5 51. Rxf7 Rxf7 52. Bxf7 Kh7 53. f3 Kh6 54. Kg3 1-0

[Event "Belgrade Jezero op 09th"]
[Site "Belgrade"]
[Date "2003.08.15"]
[Round "2"]
[White "Aksentijevic, Malisa"]
[Black "Momirovic, Milan"]
[Result "1-0"]
[WhiteElo "2177"]
[BlackElo "2104"]
[PlyCount "109"]
[EventDate "2003.08.14"]
[EventType "swiss"]
[EventRounds "9"]
[EventCountry "YUG"]
[SourceTitle "EXT 2004"]
[Source "ChessBase"]
[SourceDate "2003.11.25"]
[SourceVersion "1"]
[SourceVersionDate "2003.11.25"]
[SourceQuality "1"]

1. e4 c5 2. Nf3 g6 3. d4 cxd4 4. Nxd4 Bg7 5. Nc3 a6 6. Be3 d6 7. Qd2 Nf6 8. f3 Bd7 9. 0-0-0 Nc6 10. g4 Ne5 11. h4 Rc8 12. h5 Nc4 13. Bxc4 Rxc4 14. h6 Bf8 15. Nb3 Bc6 16. Qd3 b5 17. Nd2 e5 18. Nxc4 bxc4 19. Qxc4 Bb7 20. g5 Nd7 21. Nd5 Bxd5 22. Rxd5 Be7 23. Rg1 0-0 24. Qxa6 Qc7 25. Rd3 Nc5 26. Bxc5 Qxc5 27. Rg2 Qb4 28. Qa3 Qc4 29. Qb3 Qa6 30. Qa3 Qb5 31. Qa7 Re8 32. a4 Qc4 33. Qd7 Kf8 34. Qb5 Qa2 35. Ra3 Qe6 36. Rg4 Rd8 37. Qd5 Qc8 38. a5 Qa6 39. Qd3 Qa7 40. Ra4 Rb8 41. a6 Ra8 42. Rg2 Qb6 43. Qb3 Qxb3 44. cxb3 Ke8 45. Kc2 Kd7 46. Kd3 Kc6 47. Rc2+ Kd7 48. b4 Bxg5 49. b5 Bd8 50. Rc6 f5 51. Kc4 fxe4 52. fxe4 g5 53. Kd5 Be7 54. b6 g4 55. a7 1-0

[Event "Belgrade Spring op"]
[Site "Belgrade"]
[Date "2003.03.29"]
[Round "5"]
[White "Aksentijevic, Malisa"]
[Black "Jovanovic, Sasa T"]
[Result "0-1"]
[WhiteElo "2171"]
[BlackElo "2297"]
[PlyCount "84"]
[EventDate "2003.03.25"]
[EventType "swiss"]
[EventRounds "9"]
[EventCountry "YUG"]
[SourceTitle "CBM 093 Extra"]
[Source "ChessBase"]
[SourceDate "2003.05.09"]
[SourceVersion "1"]
[SourceVersionDate "2003.05.09"]
[SourceQuality "1"]

1. e4 c5 2. Nf3 d6 3. d4 cxd4 4. Nxd4 Nf6 5. Nc3 Nc6 6. Bg5 e6 7. Qd2 Be7 8. 0-0-0 0-0 9. f4 Nxd4 10. Qxd4 Qa5 11. Bb5 a6 12. e5 dxe5 13. fxe5 Nd5 14. Bxe7 Nxe7 15. Bd3 Nf5 16. Qe4 Qc5 17. Kb1 Bd7 18. Qf4 Rad8 19. Bxf5 exf5 20. Rd5 Qc7 21. Rhd1 Be6 22. Rd6 Rc8 23. Qd2 Rfe8 24. Qd4 h6 25. Rd2 Qc4 26. Qf2 Qc5 27. Qg3 Kh7 28. a3 a5 29. Na4 Qc4 30. b3 Qf1+ 31. Rd1 Qe2 32. R1d2 Qh5 33. Nb6 Rc5 34. Nd5 Qg5 35. Qf2 Rec8 36. h4 Qg4 37. Rd4 f4 38. Nxf4 Qf5 39. Rd3 Rxc2 40. Qxc2 Rxc2 41. Nxe6 Qf2 42. Nd4 Ra2 0-1